000 02152nam0a2200325 4500
001 RU\NLR\BIBL_A\011835660
005 20181204152829.0
010 _a978-5-502-01025-2
_930
021 _aRU
_bКН-П-18-071953
_9КН-П-18-5191
035 _a(NLR Aleph) 011835660
035 _a(RuMoRGB)009732742
090 _a12029141
_c12029141
100 _a20181022d2018 u y0rusy50 ca
101 0 _arus
102 _aRU
105 _aa zzjz00000zy
200 1 _aВыставочная деятельность: история и современность
_eучебное пособие для студентов, обучающихся обучающихся по специальности "Реклама и связи с общественностью" всех форм обучения
_fЕ. А. Зайцева, Д. Г. Рыжаков, К. В. Средняк
_gМинистерство образования и науки Российской Федерации, Федеральное государственное бюджетное образовательное учреждение высшего образования "Нижегородский государственный технический университет им. Р. Е. Алексеева"
210 _aНижний Новгород
_cНижегородский государственный технический университет
_d2018
215 _a95 с.
_cил., табл.
_d21
320 _aБиблиогр. в конце глав
606 1 _aВыставки
_xОрганизация
_jУчебные издания для высших учебных заведений
_2nlr_sh2
_3RU\NLR\AUTH\66229711
686 1 _aЧ777я73
700 1 _aЗайцева
_bЕ. А.
_cканд. экон. наук
_f1953-
_gЕлена Анатольевна
_3RU\NLR\AUTH\7737837
701 1 _aРыжаков
_bД. Г.
_gДенис Германович
701 1 _aСредняк
_bК. В.
_gКсения Вячеславовна
942 _cBOOK
980 _aNBR
980 _aNB